Responsabilidad del estado (Registro nro. 3750)
[ vista simple ]
| 000 -LEADER | |
|---|---|
| fixed length control field | 01392 a2200253 4500 |
| 001 - CONTROL NUMBER | |
| control field | 43895 |
| 005 - DATE AND TIME OF LATEST TRANSACTION | |
| control field | 20260407155720.0 |
| 008 - FIXED-LENGTH DATA ELEMENTS--GENERAL INFORMATION | |
| fixed length control field | 260407a2016 arg spa d |
| 003 - CONTROL NUMBER IDENTIFIER | |
| control field | AR-UNSa-BCEJYS |
| 040 ## - CATALOGING SOURCE | |
| Original cataloging agency | AR-UNSa-BCEJYS |
| Language of cataloging | spa |
| Transcribing agency | AR-UNSa-BCEJYS |
| 080 ## - UNIVERSAL DECIMAL CLASSIFICATION NUMBER | |
| Universal Decimal Classification number | 35.076 |
| Common auxiliary subdivision | Deberes y competencias de los organismos públicos (Responsabilidad del estado) |
| 020 ## - INTERNATIONAL STANDARD BOOK NUMBER | |
| International Standard Book Number | 978-987-635-075-4 |
| 041 ## - LANGUAGE CODE | |
| Language code of text/sound track or separate title | spa |
| 100 1# - MAIN ENTRY--PERSONAL NAME | |
| Personal name | Thomas, Gustavo J. |
| 245 10 - TITLE STATEMENT | |
| Title | Responsabilidad del estado |
| Name of part/section of a work | Crítica y estudio exegético de la Ley 26.944 |
| 264 #1 - PRODUCTION, PUBLICATION, DISTRIBUTION, MANUFACTURE, AND COPYRIGHT NOTICE | |
| Place of production, publication, distribution, manufacture | Rosario : |
| Name of producer, publisher, distributor, manufacturer | Nova Tesis |
| Date of production, publication, distribution, manufacture, or copyright notice | 2016 |
| 300 ## - PHYSICAL DESCRIPTION | |
| Extent | 888 p. |
| Dimensions | 23 cm. |
| 505 ## - FORMATTED CONTENTS NOTE | |
| Formatted contents note | 1. Ámbito de aplicación - 2. Eximición de responsabilidad - 3. Requisitos de la responsabilidad del estado por acción u omisión ilegítima - 4. Responsabilidad estatal por actividad legítima - 5. Responsabilidad por actividad legítima y alcance de la indemnización - 6. Irresponsabilidad del estado por hecho de concesionario o contratista - 7. Plazos de prescripción de la acción - 8. Nulidad e inconstitucionalidad - 9. Responsabilidad de funcionarios y agentes. Acción de repetición - 10. Responsabilidad contractual - 11. Ley de adhesión |
| 590 ## - LOCAL NOTE (RLIN) | |
| Local note | niveau_biblio:m niveau_hierar:0 |
| 650 ## - SUBJECT ADDED ENTRY--TOPICAL TERM | |
| Topical term or geographic name entry element | LEY 26.944 |
| 650 ## - SUBJECT ADDED ENTRY--TOPICAL TERM | |
| Topical term or geographic name entry element | ley 26 944 |
| 856 41 - ELECTRONIC LOCATION AND ACCESS | |
| Uniform Resource Identifier | <a href="https://biblioeco.unsa.edu.ar/pmb/images/libros/L126793.jpg">https://biblioeco.unsa.edu.ar/pmb/images/libros/L126793.jpg</a> |
| Link text | Imagen de portada |
| Electronic format type | image/jpeg |
| 942 ## - ADDED ENTRY ELEMENTS (KOHA) | |
| Koha item type | |
| Withdrawn status | Lost status | Damaged status | Not for loan | Home library | Current library | Shelving location | Date acquired | Total checkouts | Full call number | Barcode | Date last seen | Price effective from | Koha item type |
|---|---|---|---|---|---|---|---|---|---|---|---|---|---|
| Biblioteca Prof. Eusebio Cleto del Rey | Biblioteca Prof. Eusebio Cleto del Rey | 07/04/2026 | 35.076 T452 | L126793 | 07/04/2026 | 07/04/2026 | Libro |